000 00799nam a2200241Ia 4500
003 OSt
005 20220923212927.0
006 a|||||r|||| 00| 0
007 ta
008 220922b |||||||| |||| 00| 0 hin d
024 _a156,996
037 _cTextual
040 _aARTS
_cARTS
_bhin
041 _2hin
_ahin
082 _aO152:g, M51
100 _aमिथिलेश सिंह
_9156275
245 0 _aस्वच्छन्दतावादी समीक्षा
_b नये आयाम
246 _aSvachchhandatāvādī samīkṣhā: naye āyāma
260 _aकानपुर
_b अतुल प्रकाशन
_c1985
300 _a271 पृ.
_ccm.
942 _hO152:g, M51
_cTEXL
_2CC
999 _c312213
_d312213